01123nam a2200253 a 450000100100000000500170001000800410002702000150006804000250008308200150010810000340012324501490015726000470030630000210035349000390037450000730041359000260048670000580051271000520057071000710062283000460069395201130073999900170085200003757620200930080441.0120501s1999 sp ac r 001 0 spa d a8400077369 aDO-SdBNPbspacBNPHU axxxxbxxxx1 aAbel Vilela, Adolfo de96403910aA pompa funeral e festiva como exaltación do poder o cerimonial en Lugo /cAdolfo de Abel Vilela ; prólogo Eduardo Pardo Guevara y Valdés. aSantiago de Compostela :bC.S.I.C.,c1999. a348 p. ;c24 cm.1 aCuadernos de estudios gallegosv27 aIncluye referencias bibliográficas y notas al pie de las páginas aInventariado, 2019/BT1 aGuevara y Valdés, Eduardo Pardo de,epról.9640352 aConsejo de Investigaciones Científicas9640402 aInstituto de Estudios, Padre Sarmiento de Estudios Gallegos964041 0aCuadernos de estudios gallegosn27964042 001050718MOaGRbGRcHDd2012-05-01iLF1l0oxxxx xxxxp37576-10r2020-06-25w2020-06-25y1ZNo se presta c37066d37066